| 000 | 00587nam a2200193 i 4500 | ||
|---|---|---|---|
| 001 | 85438 | ||
| 003 | ES-MaACL | ||
| 005 | 20251122063117.0 | ||
| 007 | t| | ||
| 008 | 041129s1966 sp ||||1| spa d | ||
| 100 | 1 |
_aJuan del Águila, José de, _dm. 1976 _967116 |
|
| 245 | 1 | 0 |
_aLo que canta el pueblo español / _cJ. de Juan del Aguila. |
| 250 | _a[1ª ed.]. | ||
| 260 |
_aMadrid : _bUnión Musical Española, _c[1966] |
||
| 300 |
_a222 p. ; _c22 cm. |
||
| 650 | 4 |
_aCanciones populares- _zEspaña. _910733 |
|
| 852 |
_aES-MaACL _jC-29777 _bR.60377 |
||
| 999 |
_c85438 _d85438 |
||